NOW UNITED Members - Statistics

Estatísticas Gerais
  • Esse quiz foi jogado 455 vezes
  • A pontuação média é 16 de 18
Estatísticas das Respostas
Hint Resposta % Correto
6 Any
100%
7 Noah
99%
14 Josh
98%
3 Sabina
97%
1 Diarra
95%
12 Sina
93%
10 Hina
92%
13 Joalin
91%
2 Lamar
91%
15 Savannah
91%
5 Sofya
91%
9 Bailey
90%
11 Heyoon
89%
4 Shivani
89%
18 Alex
88%
16 Nour
88%
17 Melanie
86%
8 Krystian
82%
Nenhum quiz correspondente encontrado
Distribuição das Pontuações
Porcentagem de Pessoas com Cada Pontuação
Percentil de Números Respondidos
Sua Pontuação Histórica
Você não jogou esse quiz